000 00411nam a2200169Ia 4500
008 230711s9999||||xx |||||||||||||| ||und||
020 _a978-81-309-1893-8
041 _aENG
082 _a530.13
_bMC-S
100 _aMcQuarrie,Donald A
245 0 _aStatistical Mechanics
250 _a1st Ed.
260 _c2017
_aNew Delhi
_bViva Books Private Limited
300 _a641p.
650 _aPhysics
942 _cBK
999 _c6777
_d6777